Child Psychology/ (Record no. 190011)

MARC details
000 -LEADER
fixed length control field 00577nam a22001817a 4500
005 - DATE AND TIME OF LATEST TRANSACTION
control field 20220715153704.0
010 ## - LCCN (DPL NO)
LC control number ENG-133606
020 ## - INTERNATIONAL STANDARD BOOK NUMBER
International Standard Book Number 9789385622472
Terms of availability 995.00
035 ## - SYSTEM CONTROL NUMBER
System control number EN-117138
037 ## - SOURCE OF ACQUISITION
Source of stock number/acquisition DBAD/PUB
082 ## - DEWEY DECIMAL CLASSIFICATION NUMBER
Classification number 155.4
100 ## - MAIN ENTRY--PERSONAL NAME
Personal name Das, Ajay
245 ## - TITLE STATEMENT
Title Child Psychology/
Statement of responsibility, etc Ajay Das
260 ## - PUBLICATION, DISTRIBUTION, ETC. (IMPRINT)
Place of publication, distribution, etc Delhi
Name of publisher, distributor, etc Signature Book International
Date of publication, distribution, etc 2016
270 ## - ADDRESS
Address E-5/218, Street No. 10, Near Hardan Public School 5th Pusta, Sonia Vihar
City Delhi
Postal code 110094
Electronic mail address signaturebooks09@gmail.com
300 ## - PHYSICAL DESCRIPTION
Extent v, 248p.
Dimensions 23cm(hb)
942 ## - ADDED ENTRY ELEMENTS (KOHA)
Source of classification or shelving scheme Dewey Decimal Classification
Item type English Books
Classification part 155.4
Call number suffix DAS
Holdings
Withdrawn status Lost status Not for loan Collection code Home library Current library Date acquired Source of acquisition Cost, normal purchase price Full call number Barcode Copy number Cost, replacement price Koha item type
      Non-fiction Bawana Bawana 15/07/2022 DBAD/PUB 995.00 155.4 DAS EN-117138 1 995.00 English Books

© Delhi Public Library
Hit Counter
free hit counter